Responses for show #3397 - Tuesday, May 18, 1999

1999-A Celebrity Jeopardy! game 2.

Contestants

Catherine Bell, an actress from JAG

Shannon Sharpe, a tight end from the Denver Broncos

Holly Robinson Peete, an actress from For Your Love

Jeopardy! Round responses

U.S. HISTORY 101
JOCK JACKS & JOHNS
HOLLY-WOOD
SOCIAL ISSUES
SPEAK OF THE DEVIL!
PLAYING TO TYPE
    $100 11
Philadelphia

Shannon
    $100 6
Jack Nicklaus

Holly
    $100 1
Holly Hunter

Catherine
    $100 20
tax/taxpayers' revolt

Triple Stumper
    $100 15
Devil's Food Cake

Catherine
    $100 22
(Shannon: What is an airplane?)

kite

Shannon
Triple Stumper
    $200 12
Texas

Holly
    $200 7
John Madden

Shannon
    $200 2
(Holly: What is the Hollywood Sign?)

the Hollywood Bowl

Holly
Triple Stumper
    $200 21
(Alex: Minute to go.)

guns

Triple Stumper
    $200 16
the Bermuda Triangle

Holly
    $200 23
fault lines

Catherine
    $300 13
(Catherine: Who is Jefferson?)

Andrew Jackson

HollyCatherine
    $300 8
Jack Dempsey

Shannon
    $300 3
Buddy Holly

Holly
    $300 27
[buzzer sounds to end the round]

safety net

Shannon
    $300 17
praying mantis

Catherine
    $300 24
type A

Catherine
    $300 14
the Statue of Liberty

Holly
    $400 9
John McEnroe

Holly
    $400 4
Holly Marie Combs

Triple Stumper
    $400 18
ice hockey

Holly
    $400 25
blood

Catherine
    $500 10
John Stockton

Shannon
    $500 5
Holly Golightly

Holly
    $500 19
Devil's Island

Holly
    $500 26
suspension bridge

Triple Stumper

Scores at the first commercial break (after clue 14):

Holly Shannon Catherine
$1,900 $1,100 -$200

Scores at the end of the Jeopardy! Round:

Holly Shannon Catherine
$3,000 $1,300 $1,100

Double Jeopardy! Round responses

WORLD HISTORY 101
N.E.W.S.
(Alex: It's not "news"; it's north, east, west, or south; that's the connection!)
SHOWBIZ TIMELINE
YOU'RE AN ANIMAL!
SPORTS RHYME TIME
PLAYING AGAINST TYPE
    $200 8
(Catherine: What is 1940?)

the 1930s (1939)

ShannonCatherine
    $200 18
(Alex: For "Unforgiven".)

western

Triple Stumper
    $200 11
Ritchie Valens

Shannon
    $200 1
woodpecker

Shannon
    $200 6
nice ice

Holly
    $200 16
Julie Andrews

Holly
    $400 9
Theodore Roosevelt

Triple Stumper
    $400 21
Oliver North

Shannon
    $400 12
compact discs

Catherine
    $400 2
ants

Catherine
    $400 7
(Catherine: What is a tee?)
(Alex: Be more specific.)

wee tee

ShannonCatherine
    $400 17
Macaulay Culkin

Shannon
    $600 10
Persia

Holly
    $600 22
(Catherine: What is Southwest?)
...
(Alex: Minute to go.)

Eastern

ShannonCatherine
    $600 13
Cats

Catherine
    $600 3
cheetahs

Shannon
    $800 19
the Huns

Triple Stumper
    $500 23
(Shannon: What is south?)

east

Shannon
    $800 14
Charlie Chaplin

Catherine
    $800 4
cardinal

Shannon
    $1000 20
Queen Victoria

Triple Stumper
    $1000 24
(Holly: West... What is West?)
[The end-of-round signal sounds.]

Joe South

HollyShannon
    $1000 15
the Roosevelt Hotel

Catherine
    $1000 5
chinchilla

Triple Stumper

Scores at the end of the Double Jeopardy! Round:

Holly Shannon Catherine
$3,000 $5,600 $3,100

[wagering suggestions for these scores]

Final Jeopardy! Round responses

TV CHARACTERS
HollyWho I
$3,000
CatherineWho is Chance
$3,100
ShannonWho Don't Know Hi Buck Buck & Granny
$601
Felicity

Final scores:

Holly Shannon Catherine
$0 $4,999 $0
3rd place: $10,000 for The HollyRod Foundation Winner: $15,000 for the Cerebral Palsy Association 2nd place: $10,000 for The Buoniconti Fund, for The Miami Project

Game dynamics:

Coryat scores:

Holly Shannon Catherine
$3,100 $6,100 $3,100
13 R
(including 1 DD),
2 W
15 R,
2 W
(including 1 DD)
11 R
(including 1 DD),
4 W

Combined Coryat: $12,300

The J! Archive is created by fans, for fans. The Jeopardy! game show and all elements thereof, including but not limited to copyright and trademark thereto, are the property of Jeopardy Productions, Inc. and are protected under law. This website is not affiliated with, sponsored by, or operated by Jeopardy Productions, Inc. Join the discussion at JBoard.tv.